000 00300nam a2200133Ia 4500
082 _a612.015
_bM10S
100 _aSOOD, RAMANIK
245 _aMCQ IN MEDICAL LABORATORY TECHNOLOGY
250 _a1ST
260 _bJAYPEE
_aDELHI
_c2010
300 _a1-211
650 _aBIOCHEMISTRY
942 _2ddc
_cBK
_02
999 _c1329
_d1329